000 00805nas a2200265Ia 4500
001 A07/R086-21044 [r000020200]
003 IT-MiCISF
008 161014c99999999xx |||||||||||| ||und||
040 _aIT-MiCISF
_cIT-MiCISF
041 _aITALIANO
100 _aColombo Roberto
210 _aMedicina e morale
222 _aMedicina e morale
245 0 _aLa natura e lo statuto dell'embrione umano
250 _a1a ed.
260 _c1997
501 _bCISF - Centro Internazionale Studi Famiglia - Via Giotto, 36 20145 MILANO (non commercial uses only)
_cCopyright 2016
300 _app. 761-767
362 _an. 4, luglio-agosto [1997]
500 _a Tema: bioetica, embrione, magistero
650 _aBIOETICA
_varticolo
700 _aAA.VV.
942 _cCR
957 _71
999 _a21044
_bSi
_g1
_c241137
_d241137